[Event "Voronezh op-B 20th"]
[Site "Voronezh"]
[Date "2016.06.15"]
[Round "4"]
[White "Chernyshova, Maria"]
[Black "Shcherbakov, Nikolay"]
[Result "0-1"]
[WhiteElo "1631"]
[BlackElo "1892"]
[PlyCount "108"]
[EventDate "2016.06.12"]
[EventType "swiss"]
[EventRounds "9"]
[EventCountry "RUS"]
[SourceTitle "EXT 2017"]
[Source "ChessBase"]
[SourceDate "2016.10.25"]
[SourceVersion "1"]
[SourceVersionDate "2016.10.25"]
[SourceQuality "1"]

1. d4 d5 2. Nf3 Nf6 3. e3 a6 4. c4 e6 5. Nc3 Be7 6. Be2 0-0 7. 0-0 Nbd7 8. Qc2 c6 9. Bd3 Bd6 10. cxd5 exd5 11. e4 dxe4 12. Nxe4 Nxe4 13. Bxe4 Nf6 14. Bf5 h6 15. Bd2 Bd7 16. Rfe1 Qc8 17. Bxd7 Qxd7 18. Ne5 Qc8 19. Qb3 Nd5 20. Qf3 f6 21. Nd3 Re8 22. Qh5 Qd7 23. Qg6 Qf7 24. Qg4 Kf8 25. a3 Rxe1+ 26. Rxe1 Re8 27. Rxe8+ Qxe8 28. g3 h5 29. Qf3 g6 30. Bf4 Nxf4 31. Nxf4 Bxf4 32. Qxf4 Qe7 33. Qh6+ Qg7 34. Qf4 Qf7 35. Qh6+ Kg8 36. Qe3 Kg7 37. Kg2 g5 38. h4 Qd5+ 39. Kg1 g4 40. Qe7+ Qf7 41. Qe3 Qd7 42. Kg2 Qd5+ 43. Kg1 a5 44. Qe7+ Qf7 45. Qc5 a4 46. Qb4 b5 47. Kf1 Qc4+ 48. Qxc4 bxc4 49. Ke2 Kf7 50. f3 f5 51. Ke3 Kf6 52. fxg4 fxg4 53. Ke4 Ke6 54. Kf4 Kd5 0-1

[Event "Voronezh op-B 20th"]
[Site "Voronezh"]
[Date "2016.06.12"]
[Round "1"]
[White "Shcherbakov, Nikolay"]
[Black "Kolomensky, Vladimir"]
[Result "0-1"]
[WhiteElo "1892"]
[BlackElo "2172"]
[PlyCount "64"]
[EventDate "2016.06.12"]
[EventType "swiss"]
[EventRounds "9"]
[EventCountry "RUS"]
[SourceTitle "EXT 2017"]
[Source "ChessBase"]
[SourceDate "2016.10.25"]
[SourceVersion "1"]
[SourceVersionDate "2016.10.25"]
[SourceQuality "1"]

1. d4 Nf6 2. c4 e6 3. Nf3 Bb4+ 4. Nbd2 0-0 5. a3 Bxd2+ 6. Nxd2 d6 7. e4 e5 8. d5 a5 9. Be2 Nbd7 10. b3 Nc5 11. Qc2 c6 12. 0-0 cxd5 13. cxd5 Bd7 14. Qb1 b5 15. b4 axb4 16. axb4 Rxa1 17. Qxa1 Ncxe4 18. Nxe4 Nxe4 19. Be3 Qa8 20. Rd1 f5 21. f4 Qxa1 22. Rxa1 Nc3 23. Bd1 Nxd1 24. Rxd1 Rc8 25. fxe5 dxe5 26. Bc5 Ra8 27. Rd2 Kf7 28. g3 Kf6 29. Kg2 g5 30. Kf2 f4 31. gxf4 gxf4 32. Bd6 Kf5 0-1

[Event "Tambov Korensky Memorial 24th"]
[Site "Tambov"]
[Date "2015.08.28"]
[Round "7"]
[White "Vlasov, Valery"]
[Black "Shcherbakov, Nikolay"]
[Result "1-0"]
[WhiteElo "1938"]
[BlackElo "1901"]
[PlyCount "79"]
[EventDate "2015.08.22"]
[EventType "swiss"]
[EventRounds "9"]
[EventCountry "RUS"]
[SourceTitle "EXT 2016"]
[Source "ChessBase"]
[SourceDate "2015.10.08"]
[SourceVersion "1"]
[SourceVersionDate "2015.10.08"]
[SourceQuality "1"]

1. e4 c6 2. d4 d5 3. Nc3 dxe4 4. Nxe4 Nd7 5. Ng5 Ngf6 6. Bd3 h6 7. Ne6 Qb6 8. Nxf8 Nxf8 9. Ne2 Bg4 10. c3 0-0-0 11. Qc2 e6 12. f3 Bh5 13. Nf4 g5 14. Nxh5 Nxh5 15. g3 Nd7 16. Be3 Qa5 17. b4 Qc7 18. 0-0-0 f5 19. Bf2 Rhf8 20. Rhe1 Ng7 21. Bf1 Rde8 22. Rd2 Nf6 23. a3 Nd5 24. Kb2 Rf7 25. c4 Nb6 26. Bd3 Ref8 27. Rde2 Nd7 28. d5 exd5 29. cxd5 Nb6 30. Bc5 Nxd5 31. Bxf8 Rxf8 32. Bc4 Qd6 33. Bxd5 Qxd5 34. Qc3 Rf7 35. Rd2 Qb5 36. Qb3 Rf8 37. Re7 Kb8 38. Rxg7 Re8 39. Qf7 c5 40. Qc7+ 1-0

[Event "Tambov Korensky Memorial 24th"]
[Site "Tambov"]
[Date "2015.08.26"]
[Round "5"]
[White "Chernyshov, Alexander"]
[Black "Shcherbakov, Nikolay"]
[Result "1-0"]
[WhiteElo "2109"]
[BlackElo "1901"]
[PlyCount "91"]
[EventDate "2015.08.22"]
[EventType "swiss"]
[EventRounds "9"]
[EventCountry "RUS"]
[SourceTitle "EXT 2016"]
[Source "ChessBase"]
[SourceDate "2015.10.08"]
[SourceVersion "1"]
[SourceVersionDate "2015.10.08"]
[SourceQuality "1"]

1. c4 c6 2. g3 e6 3. Bg2 d5 4. Nf3 Nf6 5. 0-0 Bd6 6. d4 Nbd7 7. Nc3 0-0 8. Qc2 Re8 9. e4 dxe4 10. Nxe4 Nxe4 11. Qxe4 Nf6 12. Qc2 Qc7 13. Qa4 Nd7 14. c5 Be7 15. Bf4 Qd8 16. Rfd1 Nf6 17. Bd2 Nd5 18. Ne5 Bf6 19. Ba5 Qe7 20. Nf3 g6 21. Rd3 Bd7 22. Qb3 b6 23. cxb6 axb6 24. Bd2 c5 25. Bh6 cxd4 26. a3 Ba4 27. Qa2 Bc2 28. Rd2 d3 29. h4 Rec8 30. Re1 Qc5 31. Ne5 Ra7 32. Nxd3 Bxd3 33. Rxd3 Nb4 34. axb4 Qxb4 35. Qb1 Bxb2 36. Red1 f6 37. Rd8+ Rxd8 38. Rxd8+ Kf7 39. Qd3 Ke7 40. Bc6 Kf7 41. Be8+ Ke7 42. Rd7+ Kxe8 43. Rxa7 Bd4 44. Qe4 Qd6 45. Qa8+ Qd8 46. Qc6+ 1-0

[Event "Tambov Korensky Memorial 24th"]
[Site "Tambov"]
[Date "2015.08.24"]
[Round "3"]
[White "Suvorov, Alexander"]
[Black "Shcherbakov, Nikolay"]
[Result "1/2-1/2"]
[WhiteElo "1948"]
[BlackElo "1901"]
[PlyCount "47"]
[EventDate "2015.08.22"]
[EventType "swiss"]
[EventRounds "9"]
[EventCountry "RUS"]
[SourceTitle "EXT 2016"]
[Source "ChessBase"]
[SourceDate "2015.10.08"]
[SourceVersion "1"]
[SourceVersionDate "2015.10.08"]
[SourceQuality "1"]

1. d4 d5 2. Nf3 Nf6 3. Nc3 Bf5 4. Nh4 Bd7 5. g3 e6 6. Bg2 Be7 7. Nf3 c5 8. 0-0 0-0 9. Ne5 cxd4 10. Qxd4 Nc6 11. Nxc6 Bxc6 12. Bf4 Ne4 13. Nxe4 dxe4 14. Qxd8 Rfxd8 15. Rfd1 Rxd1+ 16. Rxd1 Rd8 17. Rxd8+ Bxd8 18. Be3 a6 19. b3 Bf6 20. c4 Bc3 21. Bb6 f5 22. h4 Kf7 23. e3 h5 24. Bf1 1/2-1/2

[Event "Tambov Korensky Memorial 24th"]
[Site "Tambov"]
[Date "2015.08.23"]
[Round "2"]
[White "Shcherbakov, Nikolay"]
[Black "Najdin, Danil"]
[Result "0-1"]
[WhiteElo "1901"]
[BlackElo "2261"]
[PlyCount "74"]
[EventDate "2015.08.22"]
[EventType "swiss"]
[EventRounds "9"]
[EventCountry "RUS"]
[SourceTitle "EXT 2016"]
[Source "ChessBase"]
[SourceDate "2015.10.08"]
[SourceVersion "1"]
[SourceVersionDate "2015.10.08"]
[SourceQuality "1"]

1. Nf3 Nf6 2. g3 g6 3. Bg2 Bg7 4. 0-0 0-0 5. c4 d6 6. d4 Nbd7 7. Nc3 e5 8. e3 Re8 9. Re1 Qe7 10. b3 Nf8 11. Bb2 e4 12. Nd2 Bf5 13. Rc1 h5 14. Nd5 Nxd5 15. cxd5 Nh7 16. Qe2 Qd7 17. h4 g5 18. hxg5 Nxg5 19. Qxh5 Bf6 20. f4 exf3 21. Nxf3 Bg6 22. Qh6 Qg4 23. Nxg5 Bxg5 24. Qh3 Qxh3 25. Bxh3 Bxe3+ 26. Rxe3 Rxe3 27. Bd7 Rf8 28. Kf2 Rd3 29. Rxc7 Rd2+ 30. Kf3 Rxb2 31. Rxb7 Rxa2 32. Ba4 Rd2 33. Rxa7 Rd3+ 34. Kf2 Rxd4 35. Bc6 Rb8 36. Ra4 Rd2+ 37. Ke1 Rb2 0-1

[Event "Tambov Korensky Memorial 24th"]
[Site "Tambov"]
[Date "2015.08.22"]
[Round "1"]
[White "Zinovjev, Yury V"]
[Black "Shcherbakov, Nikolay"]
[Result "0-1"]
[WhiteElo "2153"]
[BlackElo "1901"]
[PlyCount "66"]
[EventDate "2015.08.22"]
[EventType "swiss"]
[EventRounds "9"]
[EventCountry "RUS"]
[SourceTitle "EXT 2016"]
[Source "ChessBase"]
[SourceDate "2015.10.08"]
[SourceVersion "1"]
[SourceVersionDate "2015.10.08"]
[SourceQuality "1"]

1. e4 c6 2. d3 d5 3. Nd2 e5 4. Ngf3 Qc7 5. g3 Nf6 6. Bg2 Bd6 7. 0-0 Bg4 8. h3 Bd7 9. b3 Na6 10. Bb2 0-0 11. c3 Rad8 12. Qc2 Rfe8 13. Rae1 Nc5 14. Re2 Re7 15. Rfe1 Rde8 16. exd5 cxd5 17. d4 exd4 18. Rxe7 Rxe7 19. Rxe7 Bxe7 20. Nxd4 Ne6 21. Nf5 Bc5 22. c4 Nh5 23. Qd3 Ng5 24. cxd5 g6 25. d6 Qb6 26. Nh6+ Kf8 27. Qe2 Qxd6 28. Be5 Qe7 29. Ng4 f5 30. Bxb7 fxg4 31. hxg4 Nxg3 32. Qe1 Bxg4 33. Bd5 Ne2+ 0-1

[Event "Tambov Pavlyutin Memorial 5th"]
[Site "Tambov"]
[Date "2015.06.25"]
[Round "4"]
[White "Semenov, Rinat"]
[Black "Shcherbakov, Nikolay"]
[Result "1-0"]
[WhiteElo "2140"]
[BlackElo "1908"]
[PlyCount "137"]
[EventDate "2015.06.24"]
[EventType "tourn"]
[EventRounds "9"]
[EventCountry "RUS"]
[SourceTitle "CBM 167 Extra"]
[Source "ChessBase"]
[SourceDate "2015.09.14"]
[SourceVersion "1"]
[SourceVersionDate "2015.09.14"]
[SourceQuality "1"]

1. d4 Nf6 2. c4 e6 3. a3 d5 4. Nf3 Be7 5. Nc3 c6 6. e3 0-0 7. Bd3 dxc4 8. Bxc4 b5 9. Bd3 Bb7 10. 0-0 a6 11. Ne2 c5 12. dxc5 Bxc5 13. b4 Bd6 14. Bb2 Bc7 15. Rc1 Nbd7 16. Ng3 Rc8 17. Qe2 Qe7 18. Rfd1 Bb8 19. Rxc8 Rxc8 20. Bb1 Bc7 21. Rc1 Qd8 22. Rd1 Qe8 23. Ng5 h6 24. N5e4 Bxg3 25. Nxg3 Qe7 26. Qd3 Kf8 27. Qd4 Ke8 28. Qa7 Nb8 29. h3 Nc6 30. Qb6 Nd5 31. Rxd5 exd5 32. Nf5 Qd7 33. Qxb7 g6 34. Nd6+ Qxd6 35. Qxc8+ Nd8 36. Bd4 h5 37. Bd3 f5 38. Bc5 Qc6 39. Qb8 Kd7 40. Qe5 Ne6 41. Qc3 Qc7 42. f4 Qc6 43. Be2 Qc7 44. Bf3 Qc6 45. Qe5 Nxc5 46. bxc5 Qxc5 47. Qxd5+ Qxd5 48. Bxd5 Kd6 49. Bb7 a5 50. Ba6 Kc5 51. g4 a4 52. e4 b4 53. axb4+ Kxb4 54. Bc8 fxe4 55. Kf2 Kc5 56. Be6 Kd4 57. g5 a3 58. h4 e3+ 59. Ke2 Ke4 60. f5 Ke5 61. Kxe3 gxf5 62. Ba2 f4+ 63. Kf2 Kf5 64. Kf3 Ke5 65. Bb1 Ke6 66. Kxf4 Ke7 67. Kf5 Kf7 68. g6+ Kg7 69. Kg5 1-0

[Event "Tambov Korensky Memorial 23rd"]
[Site "Tambov"]
[Date "2014.08.26"]
[Round "4"]
[White "Lomakina, Galja"]
[Black "Shcherbakov, Nikolay"]
[Result "1-0"]
[WhiteElo "2104"]
[BlackElo "1905"]
[PlyCount "67"]
[EventDate "2014.08.23"]
[EventType "swiss"]
[EventRounds "9"]
[EventCountry "RUS"]
[SourceTitle "EXT 2015"]
[Source "ChessBase"]
[SourceDate "2014.11.20"]
[SourceVersion "1"]
[SourceVersionDate "2014.11.20"]
[SourceQuality "1"]

1. Nf3 d5 2. g3 g6 3. Bg2 Bg7 4. 0-0 e5 5. d3 Ne7 6. Nbd2 0-0 7. e4 c6 8. a4 a5 9. Re1 f6 10. c3 Be6 11. Qc2 Na6 12. Bf1 Qd7 13. b3 Rfc8 14. Ba3 c5 15. exd5 Bxd5 16. Rad1 b6 17. Bg2 Rf8 18. d4 exd4 19. cxd4 Nb4 20. Bxb4 cxb4 21. Nc4 Rac8 22. Nxb6 Rxc2 23. Nxd7 Nf5 24. Nxf8 Bxf8 25. Nd2 Bf7 26. d5 Bc5 27. Ne4 Be7 28. d6 Bd8 29. Rd3 Ng7 30. d7 Ne6 31. Nd6 Bb6 32. Rxe6 Bxe6 33. Bd5 Bxd5 34. Rxd5 1-0

[Event "Tambov Pavlyutin Memorial 4th"]
[Site "Tambov"]
[Date "2014.05.24"]
[Round "8"]
[White "Uryupin, Igor Nikolaevich"]
[Black "Shcherbakov, Nikolay"]
[Result "1-0"]
[WhiteElo "2265"]
[BlackElo "1887"]
[PlyCount "45"]
[EventDate "2014.05.21"]
[EventType "tourn"]
[EventRounds "9"]
[EventCountry "RUS"]
[SourceTitle "CBM 160 Extra"]
[Source "ChessBase"]
[SourceDate "2014.07.01"]
[SourceVersion "1"]
[SourceVersionDate "2014.07.01"]
[SourceQuality "1"]

1. c4 Nf6 2. Nc3 d5 3. cxd5 Nxd5 4. g3 e6 5. Bg2 c6 6. Nf3 Be7 7. 0-0 0-0 8. d4 Nd7 9. e4 Nxc3 10. bxc3 b6 11. Qa4 Bb7 12. Rd1 Qc8 13. Bf4 Rd8 14. Rac1 b5 15. Qc2 Nb6 16. Ne5 c5 17. Qe2 c4 18. Qh5 g6 19. Qh6 Bf8 20. Qh4 Bg7 21. Ng4 Nd7 22. Nh6+ Kf8 23. Bd6+ 1-0

[Event "Tambov Pavlyutin Memorial 4th"]
[Site "Tambov"]
[Date "2014.05.23"]
[Round "6"]
[White "Petrov, Alexander V"]
[Black "Shcherbakov, Nikolay"]
[Result "1-0"]
[WhiteElo "2078"]
[BlackElo "1887"]
[PlyCount "119"]
[EventDate "2014.05.21"]
[EventType "tourn"]
[EventRounds "9"]
[EventCountry "RUS"]
[SourceTitle "CBM 160 Extra"]
[Source "ChessBase"]
[SourceDate "2014.07.01"]
[SourceVersion "1"]
[SourceVersionDate "2014.07.01"]
[SourceQuality "1"]

1. e4 c6 2. d4 d5 3. Nc3 dxe4 4. Nxe4 Bf5 5. Ng3 Bg6 6. Nf3 Nd7 7. h4 h6 8. h5 Bh7 9. Bd3 Bxd3 10. Qxd3 e6 11. Bd2 Bd6 12. Ne4 Bc7 13. 0-0-0 Ngf6 14. Kb1 Nxe4 15. Qxe4 Nf6 16. Qe2 Qd5 17. Bc3 Nxh5 18. Ne5 Nf6 19. g4 Qe4 20. Qf1 Bxe5 21. dxe5 Nd5 22. Bd4 0-0-0 23. f3 Qg6 24. Bxa7 Nb4 25. Qc4 Na6 26. Rd6 Rxd6 27. exd6 Rd8 28. Rd1 e5 29. Bc5 Rd7 30. b4 Qe6 31. Qc3 b6 32. Bxb6 Rxd6 33. Rxd6 Qxd6 34. a3 Qd5 35. Bf2 Nc7 36. a4 Kd7 37. Kb2 Ne6 38. a5 Nc7 39. Qe3 Qb5 40. Qb3 Ne6 41. c4 Qa6 42. Qd3+ Ke7 43. Bb6 Qc8 44. Kc3 Qd7 45. a6 Nc7 46. a7 Na8 47. Bc5+ Kd8 48. Qxd7+ Kxd7 49. Bf8 g6 50. Bxh6 Ke7 51. Kd3 Kd6 52. Ke4 Ke6 53. b5 f5+ 54. Kd3 cxb5 55. cxb5 Kd5 56. Be3 e4+ 57. fxe4+ fxe4+ 58. Kc3 g5 59. b6 Kc6 60. Kc4 1-0

[Event "Tambov Pavlyutin Memorial 4th"]
[Site "Tambov"]
[Date "2014.05.22"]
[Round "4"]
[White "Shvadchenko, Grigory F"]
[Black "Shcherbakov, Nikolay"]
[Result "1/2-1/2"]
[WhiteElo "1927"]
[BlackElo "1887"]
[PlyCount "117"]
[EventDate "2014.05.21"]
[EventType "tourn"]
[EventRounds "9"]
[EventCountry "RUS"]
[SourceTitle "CBM 160 Extra"]
[Source "ChessBase"]
[SourceDate "2014.07.01"]
[SourceVersion "1"]
[SourceVersionDate "2014.07.01"]
[SourceQuality "1"]

1. d4 d5 2. Nf3 Nf6 3. g3 g6 4. Bg2 Bg7 5. 0-0 0-0 6. c4 c6 7. b3 Nbd7 8. Bb2 Ne4 9. e3 Ndf6 10. Nfd2 Bf5 11. f3 Nxd2 12. Qxd2 Qd7 13. Nc3 Rac8 14. c5 Rfd8 15. Rad1 h5 16. Qe2 Bh3 17. Bxh3 Qxh3 18. Qg2 Qxg2+ 19. Kxg2 Bh6 20. Rd3 Bg7 21. h3 Nd7 22. f4 f5 23. b4 Nf6 24. a4 Ne4 25. Nxe4 dxe4 26. Rb3 a6 27. Ra1 Kf7 28. b5 axb5 29. axb5 Ra8 30. bxc6 bxc6 31. h4 Bf6 32. Rba3 Rxa3 33. Rxa3 Ke6 34. Bc3 Kd5 35. Be1 Rb8 36. Kf1 Kc4 37. Rc3+ Kd5 38. Rc2 Ra8 39. Ke2 Ra1 40. Bd2 Rh1 41. Be1 Rh2+ 42. Bf2 Rh1 43. Ra2 Rb1 44. Be1 Rb8 45. Rc2 Rb5 46. Bc3 Rb1 47. Rb2 Rxb2+ 48. Bxb2 e6 49. Kd2 Kc4 50. Kc2 Bd8 51. Bc3 Bc7 52. Be1 Bd8 53. Bc3 Bf6 54. Bb2 Bd8 55. Bc3 Bc7 56. Bd2 Kb5 57. Kb3 Ba5 58. Bxa5 Kxa5 59. Ka3 1/2-1/2

[Event "Tambov Region-ch"]
[Site "Tambov"]
[Date "2013.10.25"]
[Round "5"]
[White "Shcherbakov, Nikolay"]
[Black "Lomakina, Galja"]
[Result "0-1"]
[WhiteElo "1828"]
[BlackElo "2099"]
[PlyCount "63"]
[EventDate "2013.10.23"]
[EventType "tourn"]
[EventRounds "9"]
[EventCountry "RUS"]
[SourceTitle "EXT 2014"]
[Source "ChessBase"]
[SourceDate "2013.11.20"]
[SourceVersion "1"]
[SourceVersionDate "2013.11.20"]
[SourceQuality "1"]

1. Nf3 g6 2. d4 Bg7 3. Bf4 Nf6 4. h3 d6 5. e3 0-0 6. Bd3 b6 7. Nbd2 Bb7 8. 0-0 c5 9. c3 Nbd7 10. Qe2 Re8 11. e4 a6 12. a4 Nh5 13. Bh2 cxd4 14. cxd4 e5 15. dxe5 dxe5 16. Bc4 Nf4 17. Qd1 Nc5 18. Qb1 Qf6 19. b4 Nce6 20. Qb3 Nd4 21. Nxd4 exd4 22. Rfe1 Re7 23. Qg3 Bh6 24. Ra2 Rae8 25. Qf3 Nh5 26. Qxf6 Nxf6 27. f3 Nd5 28. Bxd5 Bxd5 29. Rb2 f5 30. e5 Be3+ 31. Kf1 f4 32. g3 0-1